00313 a2200109 4500001001000000005001700010008004100027245002900068100002100097773006800118999001700186ART_5016020260410162007.0260409a 10aLa violencia de género1 aHumphreys, Ethel0 tTemas de derecho civilg- Año 5, N° 11 (nov. 2019)wREV34778 c31839d31839